[Event "Sinquefield Cup 2019"]
[Site "Saint Louis USA"]
[Date "2019.08.21"]
[Round "5"]
[White "Carlsen, Magnus"]
[Black "Karjakin, Sergey"]
[Result "1/2-1/2"]
[WhiteElo "2882"]
[BlackElo "2750"]
[PlyCount "93"]
[EventDate "2019.08.17"]

1. d4 Nf6 2. c4 e6 3. Nf3 d5 4. Nc3 Be7 5. Bf4 O-O 6. e3 b6 7. Bd3 dxc4 8. Bxc4
Ba6 9. Qe2 Bxc4 10. Qxc4 c5 11. dxc5 Bxc5 12. O-O Qc8 13. Rfd1 Nbd7 14. Qe2 Re8
15. Nd2 Qb7 16. Qf3 Qxf3 17. gxf3 Rec8 18. Nde4 Bf8 19. Nd6 Rc6 20. Bg3 a6 21.
Rac1 Bxd6 22. Rxd6 Rxd6 23. Bxd6 Rc8 24. Rd1 h6 25. f4 b5 26. Be7 Rc6 27. Kg2
Nb6 28. e4 Nc4 29. Rd8+ Kh7 30. Bxf6 gxf6 31. Nd1 Kg6 32. b3 Rd6 33. Rxd6 Nxd6
34. f3 Kh5 35. Kg3 b4 36. Ne3 f5 37. exf5 Nxf5+ 38. Nxf5 exf5 39. Kf2 Kh4 40.
Kg2 a5 41. Kf2 Kh3 42. Kg1 h5 43. Kh1 h4 44. Kg1 f6 45. Kh1 a4 46. bxa4 b3 47.
axb3 1/2-1/2

[Event "Sinquefield Cup 2019"]
[Site "Saint Louis USA"]
[Date "2019.08.21"]
[Round "5"]
[White "Nepomniachtchi, Ian"]
[Black "Nakamura, Hikaru"]
[Result "1-0"]
[WhiteElo "2774"]
[BlackElo "2743"]
[PlyCount "137"]
[EventDate "2019.08.17"]

1. d4 Nf6 2. c4 e6 3. Nf3 d5 4. Nc3 Be7 5. Bf4 O-O 6. e3 c5 7. dxc5 Bxc5 8.
cxd5 Nxd5 9. Nxd5 exd5 10. Bd3 Bb4+ 11. Nd2 Nc6 12. O-O Be7 13. Rc1 Qb6 14. Qc2
Nb4 15. Bxh7+ Kh8 16. Qc7 Qxc7 17. Rxc7 Bd8 18. Bd6 Bxc7 19. Bxf8 a5 20. Bb1
Be5 21. b3 Bg4 22. Bc5 Rc8 23. Bb6 Nxa2 24. Bxa2 Rc2 25. Nf3 Bxf3 26. gxf3 Rxa2
27. Rd1 Ra1 28. Rxa1 Bxa1 29. Bxa5 f5 30. Kf1 Kg8 31. Ke2 Kf7 32. Kd3 Be5 33.
Bc3 Bd6 34. e4 dxe4+ 35. fxe4 Ke6 36. Bxg7 Bxh2 37. Bd4 b5 38. Bb6 Be5 39. Ke3
Bb2 40. Bd4 Bc1+ 41. Kd3 Ba3 42. Bb6 Bb2 43. Bc7 Bf6 44. Ba5 Be5 45. Bb4 Bf6
46. Bc5 Be5 47. Ba7 Bf6 48. Bd4 Be7 49. Ke3 Bg5+ 50. f4 Be7 51. Bb6 Ba3 52. Kd3
Bc1 53. Bc7 Bb2 54. Bb8 Bf6 55. Ke3 Bb2 56. Be5 Bc1+ 57. Kd3 b4 58. Bb8 Kf6 59.
Bd6 Ke6 60. Be5 Ba3 61. Bd4 Bc1 62. Be3 Bb2 63. Bd2 fxe4+ 64. Kxe4 Ba3 65. Kd4
Kf5 66. Kd5 Kf6 67. Kc5 Kf5 68. Kb5 Ke4 69. Bxb4 1-0

[Event "Sinquefield Cup 2019"]
[Site "Saint Louis USA"]
[Date "2019.08.21"]
[Round "5"]
[White "Aronian, Levon"]
[Black "Mamedyarov, Shakhriyar"]
[Result "1/2-1/2"]
[WhiteElo "2765"]
[BlackElo "2764"]
[PlyCount "108"]
[EventDate "2019.08.17"]

1. e4 e5 2. Nf3 Nf6 3. Nxe5 d6 4. Nf3 Nxe4 5. Bd3 Nf6 6. O-O Be7 7. c3 O-O 8.
Bc2 Bg4 9. d4 Re8 10. Bf4 d5 11. Nbd2 Bd6 12. Bg5 Nbd7 13. Qb1 h6 14. Bh4 c6
15. Bh7+ Kh8 16. Bd3 Qc7 17. Qc2 Re6 18. Rfe1 Rae8 19. Bg3 Rxe1+ 20. Rxe1 Rxe1+
21. Nxe1 Bxg3 22. hxg3 g6 23. Qa4 b6 24. Qa3 Kg7 25. Nc2 Be6 26. Ne3 Ne8 27.
Nf3 Nd6 28. Qa4 a5 29. Qc2 c5 30. Qd1 c4 31. Bc2 b5 32. a3 Nc8 33. Qd2 Qb8 34.
Ne1 Ne7 35. Bd1 Nf6 36. Bf3 h5 37. N1c2 Qh8 38. Nd1 Bf5 39. Ne1 Qh6 40. Qxh6+
Kxh6 41. Ne3 Bd7 42. Kf1 Kg7 43. Bd1 Ng4 44. Nxg4 Bxg4 45. Bxg4 hxg4 46. Nc2 f5
47. Ke2 Ng8 48. Ne3 Nf6 49. f3 Kf7 50. fxg4 fxg4 51. Ke1 Ke6 52. Ke2 Kf7 53.
Ke1 Ke6 54. Ke2 Kf7 1/2-1/2

[Event "Sinquefield Cup 2019"]
[Site "Saint Louis USA"]
[Date "2019.08.23"]
[Round "6"]
[White "Caruana, Fabiano"]
[Black "Vachier-Lagrave, Maxime"]
[Result "1/2-1/2"]
[WhiteElo "2818"]
[BlackElo "2778"]
[PlyCount "106"]
[EventDate "2019.08.17"]

1. e4 c5 2. Nf3 d6 3. d4 cxd4 4. Nxd4 Nf6 5. Nc3 a6 6. h3 e5 7. Nb3 Be6 8. f4
g6 9. Be2 Nbd7 10. g4 Rc8 11. f5 Bxb3 12. axb3 Rxc3 13. bxc3 Nxe4 14. O-O Qh4
15. Bf3 gxf5 16. Bxe4 fxe4 17. Kh2 Rg8 18. Ra4 Nf6 19. g5 Rxg5 20. Bxg5 Qxg5
21. c4 Qh4 22. Qe1 Qxe1 23. Rxe1 Bh6 24. Rd1 Kd7 25. c5 d5 26. Rb4 Kc7 27. Rb6
Bf4+ 28. Kg2 Nd7 29. Rxd5 Nxb6 30. cxb6+ Kxb6 31. Rd7 a5 32. Rxf7 h6 33. Kf2
Kc6 34. Ke2 b5 35. Rf6+ Kc5 36. c3 a4 37. bxa4 bxa4 38. Ra6 Kb5 39. Ra7 Bg5 40.
Ra8 Be7 41. Kd2 a3 42. Ke3 Kc4 43. Kxe4 Kxc3 44. Kxe5 Kb3 45. Ke4 a2 46. Rxa2
Kxa2 47. Kf3 Kb3 48. h4 Kc4 49. h5 Kd3 50. Kg2 Ke2 51. Kh1 Kf2 52. Kh2 Bd6+ 53.
Kh1 Be5 1/2-1/2

[Event "Sinquefield Cup 2019"]
[Site "Saint Louis USA"]
[Date "2019.08.23"]
[Round "6"]
[White "Nepomniachtchi, Ian"]
[Black "Ding, Liren"]
[Result "1/2-1/2"]
[WhiteElo "2774"]
[BlackElo "2805"]
[PlyCount "86"]
[EventDate "2019.08.17"]

1. e4 e5 2. Nf3 Nc6 3. Bc4 Bc5 4. O-O Nf6 5. d3 d6 6. c3 O-O 7. h3 a5 8. Re1 h6
9. Nbd2 Be6 10. Bb5 Qb8 11. Nh4 a4 12. Nf5 Re8 13. Nc4 Bxf5 14. exf5 Qa7 15.
Qf3 e4 16. dxe4 Ne5 17. Nxe5 Rxe5 18. Bd3 d5 19. Bf4 dxe4 20. Bxe4 Rxe4 21.
Rxe4 Nxe4 22. Qxe4 Bxf2+ 23. Kh2 Qb6 24. Rd1 Qxb2 25. f6 Qxc3 26. fxg7 Qc6 27.
Qf5 Re8 28. Bxh6 Qxh6 29. Qxf2 Qg5 30. Kh1 Re4 31. Rf1 Qe7 32. Qd2 Kxg7 33.
Qb2+ Qe5 34. Qxb7 Re1 35. Qf3 Rxf1+ 36. Qxf1 c5 37. Qc4 Qe1+ 38. Kh2 Qb4 39.
Qd3 a3 40. Qg3+ Kh7 41. Qd3+ Kg7 42. Qg3+ Kh7 43. Qd3+ Kg7 1/2-1/2

[Event "Sinquefield Cup 2019"]
[Site "Saint Louis USA"]
[Date "2019.08.23"]
[Round "6"]
[White "Anand, Viswanathan"]
[Black "Giri, Anish"]
[Result "1/2-1/2"]
[WhiteElo "2756"]
[BlackElo "2779"]
[PlyCount "108"]
[EventDate "2019.08.17"]

1. e4 c5 2. Nf3 e6 3. d4 cxd4 4. Nxd4 Nf6 5. Nc3 Nc6 6. a3 Be7 7. f4 d6 8. Nf3
O-O 9. Bd3 a6 10. O-O b5 11. b4 a5 12. Rb1 axb4 13. axb4 d5 14. e5 Ne8 15. Nxb5
Ba6 16. Nbd4 Nxb4 17. Bxa6 Rxa6 18. f5 exf5 19. Nxf5 Nc7 20. c3 Nc6 21. Qd3 Ra4
22. Be3 Re4 23. Bb6 Qd7 24. Bxc7 Qxc7 25. Qxd5 Rf4 26. N5d4 Nxd4 27. cxd4 Rd8
28. Qb7 Qxb7 29. Rxb7 Kf8 30. g3 Rf5 31. Kg2 f6 32. Re1 fxe5 33. dxe5 h5 34. e6
g5 35. Re2 Rd6 36. h3 g4 37. hxg4 hxg4 38. Nh4 Rg5 39. Ra7 Ke8 40. Ra4 Rd3 41.
Ra8+ Rd8 42. Ra1 Rdd5 43. Rf2 Bd8 44. Ra8 Ke7 45. Re2 Rc5 46. Ra6 Ra5 47. Rc6
Rad5 48. Rf2 Rd6 49. Rxd6 Kxd6 50. Rd2+ Rd5 51. Rxd5+ Kxd5 52. Nf5 Kxe6 53. Ne3
Bc7 54. Nxg4 Bxg3 1/2-1/2

[Event "Sinquefield Cup 2019"]
[Site "Saint Louis USA"]
[Date "2019.08.23"]
[Round "6"]
[White "Nakamura, Hikaru"]
[Black "Carlsen, Magnus"]
[Result "1/2-1/2"]
[WhiteElo "2743"]
[BlackElo "2882"]
[PlyCount "60"]
[EventDate "2019.08.17"]

1. e4 c5 2. Nf3 Nc6 3. Bb5 g6 4. O-O Bg7 5. Re1 e5 6. Bxc6 dxc6 7. d3 Qc7 8.
Be3 b6 9. a3 a5 10. Nbd2 Nf6 11. b4 Ng4 12. bxc5 Nxe3 13. fxe3 bxc5 14. Nc4 Be6
15. Nfd2 O-O 16. Rf1 Rab8 17. Qe2 a4 18. Rf2 Rb7 19. Raf1 Qd8 20. Qe1 h5 21.
Qa1 f6 22. h3 Bh6 23. Qd1 Kh7 24. Qe2 Rb8 25. Rd1 Qc7 26. Rff1 Kg7 27. Rb1 Rb5
28. Rbd1 Rbb8 29. Rb1 Rb5 30. Rbd1 Rbb8 1/2-1/2

[Event "Sinquefield Cup 2019"]
[Site "Saint Louis USA"]
[Date "2019.08.23"]
[Round "6"]
[White "Mamedyarov, Shakhriyar"]
[Black "So, Wesley"]
[Result "1/2-1/2"]
[WhiteElo "2764"]
[BlackElo "2776"]
[PlyCount "28"]
[EventDate "2019.08.17"]

1. d4 d5 2. c4 dxc4 3. e4 Nf6 4. e5 Nd5 5. Bxc4 Bf5 6. Ne2 e6 7. Nbc3 Nb6 8.
Bb5+ Nc6 9. Ng3 Bg6 10. h4 h5 11. Nge2 Bf5 12. Ng3 Bg6 13. Nge2 Bf5 14. Ng3 Bg6
1/2-1/2

[Event "Sinquefield Cup 2019"]
[Site "Saint Louis USA"]
[Date "2019.08.23"]
[Round "6"]
[White "Karjakin, Sergey"]
[Black "Aronian, Levon"]
[Result "1/2-1/2"]
[WhiteElo "2750"]
[BlackElo "2765"]
[PlyCount "76"]
[EventDate "2019.08.17"]

1. d4 Nf6 2. c4 e6 3. Nf3 d5 4. Nc3 Be7 5. Bf4 O-O 6. e3 Nbd7 7. a3 c5 8. cxd5
Nxd5 9. Nxd5 exd5 10. dxc5 Nxc5 11. Be5 Bg4 12. Be2 Bxf3 13. Bxf3 Bf6 14. Bxf6
Qxf6 15. Qc2 Ne6 16. Bxd5 Rac8 17. Qd2 Rfd8 18. O-O Nc7 19. e4 Nxd5 20. exd5
Rc5 21. Rad1 g6 22. b4 Rc3 23. a4 Rc4 24. d6 Rd7 25. g3 Kg7 26. b5 Re4 27. Rfe1
Rxe1+ 28. Qxe1 Rxd6 29. Rxd6 Qxd6 30. Qc3+ Qf6 31. Qc7 Qa1+ 32. Kg2 Qxa4 33.
Qxb7 Qc4 34. Qxa7 Qd5+ 35. Kg1 Qd1+ 36. Kg2 Qd5+ 37. Kg1 Qd1+ 38. Kg2 Qd5+
1/2-1/2

[Event "Sinquefield Cup 2019"]
[Site "Saint Louis USA"]
[Date "2019.08.24"]
[Round "7"]
[White "Ding, Liren"]
[Black "Anand, Viswanathan"]
[Result "1/2-1/2"]
[WhiteElo "2805"]
[BlackElo "2756"]
[PlyCount "119"]
[EventDate "2019.08.17"]

1. d4 Nf6 2. c4 e6 3. g3 Bb4+ 4. Bd2 Be7 5. Bg2 d5 6. Nf3 O-O 7. O-O Nbd7 8.
Qc2 c6 9. a4 a5 10. Na3 Bd6 11. Ne1 Re8 12. Nd3 e5 13. cxd5 e4 14. Nf4 cxd5 15.
Nb5 Bb8 16. Rac1 Ra6 17. Bh3 Rc6 18. Qb3 Nb6 19. Bxa5 Bxh3 20. Nxh3 Qc8 21. Kg2
Rxc1 22. Rxc1 Qxc1 23. Bxb6 e3 24. f3 h5 25. Ba5 h4 26. gxh4 Qc6 27. Be1 Nh5
28. Bg3 Qc4 29. Qxc4 dxc4 30. Ng5 Nf6 31. Na3 Bxg3 32. hxg3 Ra8 33. Nxc4 Rxa4
34. Nxe3 Rxd4 35. Kf2 Nd5 36. Nf5 Rb4 37. h5 Rxb2 38. h6 f6 39. Ne4 gxh6 40.
Nxh6+ Kf8 41. Nf5 b5 42. Ne3 Nb6 43. Ke1 b4 44. Kd1 Na4 45. Nd5 f5 46. Nd2 b3
47. e4 fxe4 48. fxe4 Kf7 49. g4 Nc5 50. Nb4 Ke6 51. Kc1 Na4 52. g5 Ke7 53. Nc6+
Kf7 54. Nd4 Kg6 55. N4xb3 Ra2 56. Nf3 Nc3 57. Nbd2 Rxd2 58. Kxd2 Nxe4+ 59. Ke3
Nxg5 60. Nxg5 1/2-1/2

[Event "Sinquefield Cup 2019"]
[Site "Saint Louis USA"]
[Date "2019.08.24"]
[Round "7"]
[White "Giri, Anish"]
[Black "Caruana, Fabiano"]
[Result "1/2-1/2"]
[WhiteElo "2779"]
[BlackElo "2818"]
[PlyCount "99"]
[EventDate "2019.08.17"]

1. d4 Nf6 2. c4 e6 3. Nf3 d5 4. Nc3 Be7 5. Bf4 O-O 6. e3 b6 7. Bd3 dxc4 8. Bxc4
Ba6 9. Qe2 Qc8 10. O-O Bxc4 11. Qxc4 c5 12. dxc5 Qxc5 13. Qxc5 Bxc5 14. Rac1
Rd8 15. h3 h6 16. Bxb8 Raxb8 17. Rc2 Nd5 18. Nxd5 Rxd5 19. Rfc1 a5 20. Kf1 f5
21. Ke2 Kf7 22. Rc4 Rbd8 23. g4 g6 24. h4 e5 25. e4 fxe4 26. Rxe4 Ke6 27. a3
Rf8 28. Rc3 h5 29. Rc2 b5 30. b4 axb4 31. axb4 Bd6 32. Ng5+ Kd7 33. Nh7 Rf7 34.
Ng5 Rf4 35. gxh5 gxh5 36. Rxf4 exf4 37. Ne4 Be7 38. Kf3 Bxh4 39. Nc3 Rf5 40.
Ke4 Ke6 41. Ra2 Re5+ 42. Kxf4 Rf5+ 43. Ke4 Rxf2 44. Rxf2 Bxf2 45. Kf3 Bd4 46.
Nxb5 Kd5 47. Nxd4 Kxd4 48. Kg3 Kc4 49. Kh4 Kxb4 50. Kxh5 1/2-1/2

[Event "Sinquefield Cup 2019"]
[Site "Saint Louis USA"]
[Date "2019.08.24"]
[Round "7"]
[White "Vachier-Lagrave, Maxime"]
[Black "Mamedyarov, Shakhriyar"]
[Result "1/2-1/2"]
[WhiteElo "2778"]
[BlackElo "2764"]
[PlyCount "66"]
[EventDate "2019.08.17"]

1. e4 e5 2. Nf3 Nc6 3. Bc4 Bc5 4. c3 Nf6 5. d3 d6 6. O-O h6 7. Re1 O-O 8. Nbd2
Ne7 9. d4 Bb6 10. Bb3 Nc6 11. Nc4 exd4 12. Nxb6 axb6 13. Nxd4 Re8 14. Bc2 Bg4
15. f3 Bh5 16. c4 Nxd4 17. Qxd4 Nd7 18. b3 Qf6 19. Qxf6 Nxf6 20. Bb2 Nd7 21. g4
Bg6 22. Kf2 Bh7 23. h4 g5 24. hxg5 hxg5 25. Rh1 Ne5 26. Kg3 Kg7 27. a4 f6 28.
Bc3 Bg6 29. Rh2 Rf8 30. Rah1 Rfe8 31. Ra1 Rf8 32. Rah1 Rfe8 33. Ra1 Rf8 1/2-1/2

[Event "Sinquefield Cup 2019"]
[Site "Saint Louis USA"]
[Date "2019.08.24"]
[Round "7"]
[White "So, Wesley"]
[Black "Karjakin, Sergey"]
[Result "1/2-1/2"]
[WhiteElo "2776"]
[BlackElo "2750"]
[PlyCount "84"]
[EventDate "2019.08.17"]

1. d4 Nf6 2. Nf3 d5 3. c4 e6 4. Nc3 Be7 5. Bf4 O-O 6. e3 b6 7. cxd5 Nxd5 8.
Nxd5 Qxd5 9. Be2 Qa5+ 10. Nd2 Ba6 11. O-O c5 12. Nc4 Bxc4 13. Bxc4 cxd4 14.
exd4 Nc6 15. d5 exd5 16. Qxd5 Qxd5 17. Bxd5 Rac8 18. Rfd1 Bf6 19. Rab1 Nd4 20.
Kf1 Rfe8 21. g3 Rc5 22. Bg2 Ne6 23. Be3 Rc2 24. Rd7 Re7 25. Rxe7 Bxe7 26. Be4
Rc7 27. Rc1 Bc5 28. Bd2 Rd7 29. Be1 a5 30. a3 g6 31. b4 axb4 32. axb4 Be7 33.
Rc8+ Kg7 34. Rc6 Rd1 35. Ke2 Rd4 36. Rxe6 fxe6 37. Bc3 Bf6 38. Bxd4 Bxd4 39.
Bc2 Kf6 40. Be4 Kg7 41. Bd3 Kf6 42. Be4 Kg7 1/2-1/2

[Event "Sinquefield Cup 2019"]
[Site "Saint Louis USA"]
[Date "2019.08.24"]
[Round "7"]
[White "Aronian, Levon"]
[Black "Nakamura, Hikaru"]
[Result "1/2-1/2"]
[WhiteElo "2765"]
[BlackElo "2743"]
[PlyCount "80"]
[EventDate "2019.08.17"]

1. e4 c5 2. Nf3 d6 3. d4 cxd4 4. Nxd4 Nf6 5. Nc3 a6 6. Be2 g6 7. O-O Bg7 8. Re1
O-O 9. Bf1 Nc6 10. Nb3 b5 11. Bg5 h6 12. Bh4 g5 13. Bg3 Bg4 14. f3 Be6 15. Bf2
d5 16. exd5 Nxd5 17. Nxd5 Qxd5 18. c3 b4 19. Nc5 Qxd1 20. Rexd1 bxc3 21. bxc3
Bf5 22. Bxa6 Bxc3 23. Bb7 Nb4 24. Bxa8 Rxa8 25. a4 Bxa1 26. Rxa1 f6 27. a5 Bc8
28. h3 Kf7 29. Rb1 Na6 30. Ne4 Rb8 31. Rc1 Bd7 32. Bd4 h5 33. Bb6 Rc8 34. Rxc8
Bxc8 35. Nc5 Nxc5 36. Bxc5 h4 37. Bb4 Ba6 38. Bc5 Bc8 39. Bb4 Ba6 40. Bc5 Bc8
1/2-1/2

[Event "Sinquefield Cup 2019"]
[Site "Saint Louis USA"]
[Date "2019.08.25"]
[Round "8"]
[White "Caruana, Fabiano"]
[Black "Anand, Viswanathan"]
[Result "1/2-1/2"]
[WhiteElo "2818"]
[BlackElo "2756"]
[PlyCount "88"]
[EventDate "2019.08.17"]

1. d4 Nf6 2. c4 e6 3. Nf3 d5 4. Nc3 Be7 5. Bf4 O-O 6. e3 b6 7. cxd5 Nxd5 8.
Nxd5 Qxd5 9. a3 Ba6 10. Bxa6 Nxa6 11. b4 Bd6 12. Bg3 Nb8 13. Qd3 b5 14. e4 Qb7
15. d5 exd5 16. e5 Be7 17. Nd4 a5 18. Nf5 Re8 19. Nxe7+ Rxe7 20. O-O Nd7 21.
Qc3 axb4 22. axb4 Rc8 23. Rfc1 c6 24. f4 f6 25. Bf2 Qc7 26. Ra7 Qd8 27. Qh3
fxe5 28. fxe5 Rc7 29. Ra3 Nxe5 30. Bb6 Qc8 31. Bxc7 Qxh3 32. Rxh3 Rxc7 33. Re1
Nc4 34. Rf3 h6 35. Re6 c5 36. bxc5 Rxc5 37. h4 Nd2 38. Rd3 Ne4 39. Rb6 Kh7 40.
g4 Rc1+ 41. Kg2 Rc2+ 42. Kg1 Rc1+ 43. Kg2 Rc2+ 44. Kg1 Rc1+ 1/2-1/2

[Event "Sinquefield Cup 2019"]
[Site "Saint Louis USA"]
[Date "2019.08.25"]
[Round "8"]
[White "Carlsen, Magnus"]
[Black "Ding, Liren"]
[Result "1/2-1/2"]
[WhiteElo "2882"]
[BlackElo "2805"]
[PlyCount "84"]
[EventDate "2019.08.17"]

1. d4 Nf6 2. c4 e6 3. Nc3 Bb4 4. Nf3 O-O 5. Bg5 c5 6. Rc1 h6 7. Bh4 cxd4 8.
Nxd4 d5 9. cxd5 g5 10. Bg3 Qxd5 11. e3 Qxa2 12. Qc2 Nd5 13. h4 Nxc3 14. bxc3
Qxc2 15. Rxc2 Be7 16. hxg5 hxg5 17. f4 Nc6 18. fxg5 Bxg5 19. Rh5 f6 20. Nf3
Bxe3 21. Re2 Bc1 22. Re4 e5 23. Bc4+ Kg7 24. Reh4 Kg6 25. Rh7 Bg4 26. Bd3+ f5
27. Nxe5+ Nxe5 28. Bxe5 Kg5 29. g3 Rg8 30. Rxb7 Rae8 31. Rb5 Rg6 32. Kf2 Rb6
33. Rxb6 axb6 34. Rh1 Rxe5 35. Rxc1 f4 36. gxf4+ Kxf4 37. Rb1 Rc5 38. Rb4+ Kg5
39. Rxb6 Rxc3 40. Ke3 Bf5 41. Rd6 Rxd3+ 42. Rxd3 Bxd3 1/2-1/2

[Event "Sinquefield Cup 2019"]
[Site "Saint Louis USA"]
[Date "2019.08.25"]
[Round "8"]
[White "Nepomniachtchi, Ian"]
[Black "Aronian, Levon"]
[Result "1-0"]
[WhiteElo "2774"]
[BlackElo "2765"]
[PlyCount "107"]
[EventDate "2019.08.17"]

1. e4 e5 2. Nf3 Nc6 3. Bc4 Nf6 4. d3 Bc5 5. O-O d6 6. c3 a6 7. Re1 Ba7 8. Bb3
O-O 9. h3 Re8 10. Nbd2 Be6 11. Ba4 b5 12. Bc2 h6 13. Nf1 d5 14. exd5 Bxd5 15.
Ng3 Nh7 16. a4 Nf8 17. b4 Ng6 18. Be3 Bxe3 19. fxe3 Qd7 20. Nd2 Nce7 21. Nb3
Qc6 22. Qd2 Nh4 23. e4 Qg6 24. Kh2 Bc6 25. Nc5 f5 26. exf5 Nexf5 27. Nge4 Bd5
28. Re2 Rad8 29. Rf1 Nd6 30. Qe1 Nhf5 31. a5 Rf8 32. Ref2 Rf7 33. Rf3 h5 34.
Nxa6 h4 35. Nac5 Rdf8 36. Kg1 Qh6 37. Qc1 Ne3 38. Rxf7 Rxf7 39. Rxf7 Kxf7 40.
Qe1 Nxc2 41. Qf2+ Ke8 42. Qxc2 Bxe4 43. Nxe4 Nxe4 44. dxe4 Qe3+ 45. Kf1 Qf4+
46. Qf2 Qc1+ 47. Qe1 Qf4+ 48. Kg1 Kd8 49. Qf2 Qc1+ 50. Kh2 Qxc3 51. a6 Ke8 52.
Qxh4 Qa3 53. Qh5+ Kf8 54. Qf3+ 1-0

[Event "Sinquefield Cup 2019"]
[Site "Saint Louis USA"]
[Date "2019.08.25"]
[Round "8"]
[White "Nakamura, Hikaru"]
[Black "So, Wesley"]
[Result "1/2-1/2"]
[WhiteElo "2743"]
[BlackElo "2776"]
[PlyCount "58"]
[EventDate "2019.08.17"]

1. d4 Nf6 2. c4 e6 3. Nf3 d5 4. Nc3 Be7 5. Bf4 O-O 6. e3 b6 7. Rc1 Bb7 8. cxd5
Nxd5 9. Nxd5 Qxd5 10. a3 c5 11. Bc4 Qd8 12. O-O Bf6 13. dxc5 Bxb2 14. Rb1 Qxd1
15. Rfxd1 Bxa3 16. Bd6 Bxf3 17. gxf3 Rc8 18. cxb6 axb6 19. Bxa3 Rxa3 20. Rxb6
Rc3 21. Rbd6 Kf8 22. Rd8+ Rxd8 23. Rxd8+ Ke7 24. Rxb8 Rxc4 25. f4 Rc7 26. Ra8
Rd7 27. Rb8 Rc7 28. Ra8 Rd7 29. Rb8 Rc7 1/2-1/2

[Event "Sinquefield Cup 2019"]
[Site "Saint Louis USA"]
[Date "2019.08.25"]
[Round "8"]
[White "Mamedyarov, Shakhriyar"]
[Black "Giri, Anish"]
[Result "1/2-1/2"]
[WhiteElo "2764"]
[BlackElo "2779"]
[PlyCount "57"]
[EventDate "2019.08.17"]

1. d4 d5 2. c4 c6 3. Nc3 Nf6 4. Nf3 e6 5. Bg5 h6 6. Bxf6 Qxf6 7. e3 g6 8. Ne5
Bg7 9. f4 Nd7 10. h4 Qe7 11. Qc2 O-O 12. O-O-O Nxe5 13. fxe5 Bd7 14. g4 f6 15.
Qxg6 fxe5 16. Bd3 e4 17. Nxe4 Be8 18. Nf6+ Rxf6 19. Qh7+ Kf8 20. g5 hxg5 21.
hxg5 Rf7 22. Qh3 Rd8 23. g6 Rf6 24. Qh8+ Bxh8 25. Rxh8+ Kg7 26. Rh7+ Kf8 27.
Rh8+ Kg7 28. Rh7+ Kf8 29. Rh8+ 1/2-1/2

[Event "Sinquefield Cup 2019"]
[Site "Saint Louis USA"]
[Date "2019.08.26"]
[Round "9"]
[White "Anand, V."]
[Black "Mamedyarov, S."]
[Result "1/2-1/2"]
[WhiteElo "2756"]
[BlackElo "2764"]
[PlyCount "93"]
[EventDate "2019.08.17"]

1. e4 e5 2. Nf3 Nc6 3. Bc4 Bc5 4. c3 Nf6 5. d3 d6 6. O-O h6 7. Re1 O-O 8. Nbd2
Ne7 9. d4 Bb6 10. a4 c6 11. dxe5 Ng4 12. Rf1 Nxe5 13. Nxe5 dxe5 14. Qh5 Qd6 15.
Nf3 Bc7 16. Nh4 b5 17. axb5 cxb5 18. Bxb5 Bb7 19. Qe2 Bb6 20. Ba6 Bc6 21. Nf3
f5 22. Bd3 Rae8 23. exf5 Nxf5 24. Be4 Kh8 25. Nd2 Qe6 26. Kh1 Bd7 27. Bd3 e4
28. Nxe4 Bc6 29. f3 Qe5 30. Bd2 Bc7 31. g3 Bxe4 32. Qxe4 Qd6 33. Bf4 Qd7 34.
Qb7 Qxd3 35. Qxc7 Re2 36. Qc5 Rfe8 37. Rf2 a5 38. Raf1 Rxb2 39. Kg2 Ree2 40.
Qxa5 Kh7 41. h4 Ne3+ 42. Bxe3 Qxe3 43. Qf5+ Kh8 44. Qf8+ Kh7 45. Qf5+ Kh8 46.
Qf8+ Kh7 47. Qf5+ 1/2-1/2

[Event "Sinquefield Cup 2019"]
[Site "Saint Louis USA"]
[Date "2019.08.26"]
[Round "9"]
[White "So, W."]
[Black "Nepomniachtchi, I."]
[Result "0-1"]
[WhiteElo "2776"]
[BlackElo "2774"]
[PlyCount "264"]
[EventDate "2019.08.17"]

1. Nf3 c5 2. c4 Nc6 3. Nc3 g6 4. e3 Nf6 5. d4 cxd4 6. exd4 d5 7. cxd5 Nxd5 8.
Qb3 e6 9. Bb5 Bg7 10. O-O O-O 11. Bxc6 bxc6 12. Na4 Qd6 13. Re1 Rb8 14. Qd1 Ne7
15. b3 Nf5 16. Bb2 Rd8 17. Qc2 Nxd4 18. Bxd4 Bxd4 19. Nxd4 Qxd4 20. Rad1 Qf6
21. Rxd8+ Qxd8 22. Rd1 Qe8 23. h3 e5 24. Qc5 a6 25. Qa5 Kg7 26. Rd8 Qe7 27. Nb6
Qxd8 28. Qxe5+ Qf6 29. Qxb8 Be6 30. Qg3 h5 31. Na4 Qa1+ 32. Kh2 Qxa2 33. Nc5
Qe2 34. Qc3+ Kg8 35. Qd4 Bd5 36. Nd7 Qe6 37. Nf6+ Kf8 38. b4 Qd6+ 39. Kg1 Ke7
40. Ng8+ Ke6 41. Qf6+ Kd7 42. Qd4 Qb8 43. Nf6+ Ke6 44. Ne4 Bxe4 45. Qxe4+ Kd7
46. Qc4 Qe8 47. Qd4+ Kc8 48. Qb6 Qe1+ 49. Kh2 Qe5+ 50. g3 Qb5 51. Qa7 Qb7 52.
Qc5 Qc7 53. h4 Kb7 54. Qf8 Qd7 55. Kg1 Qd5 56. Kh2 Kc7 57. Kg1 Kd7 58. Kh2 Qc4
59. Kg1 Qe6 60. Qc5 Qe2 61. Qd4+ Ke6 62. Qc5 Qb5 63. Qe3+ Kf6 64. Qc3+ Ke7 65.
Qd4 Ke6 66. Qe3+ Kd7 67. Qa7+ Ke8 68. Qd4 Qd5 69. Qb6 Qc4 70. Qb8+ Ke7 71. Qe5+
Kd7 72. Qb8 Ke6 73. Qe8+ Kf5 74. Qe7 Qd5 75. Qe2 Qb5 76. Qe7 Qc4 77. Qe8 Qe6
78. Qd8 Ke4 79. Qd2 Qc4 80. Qe3+ Kf5 81. Qe7 Kg4 82. Qd7+ Kf3 83. Qd2 f6 84.
Qe3+ Kg4 85. Kg2 Kf5 86. Kh2 g5 87. hxg5 fxg5 88. Qd2 Qd5 89. Qe2 Qd4 90. Kg1
Qxb4 91. Qf3+ Ke5 92. Qxh5 Qb1+ 93. Kg2 Qf5 94. Qd1 a5 95. Qd8 Ke4 96. Qd2 Qd5
97. f3+ Kf5 98. g4+ Ke6 99. Qc2 Kd6 100. Kg3 Qe5+ 101. Kg2 Qf4 102. Qg6+ Kc7
103. Qh7+ Kb6 104. Qb1+ Qb4 105. Qc1 Qc5 106. Qb2+ Ka6 107. Qa2 Qb5 108. Qg8 a4
109. Qa8+ Kb6 110. Qd8+ Kb7 111. Qe7+ Ka6 112. Qf8 Qe2+ 113. Kh3 Qe3 114. Qa8+
Kb5 115. Qb7+ Qb6 116. Qg7 Qc5 117. Qb2+ Ka6 118. Qe2+ Ka7 119. Qd2 a3 120. f4
gxf4 121. Qxf4 Qc3+ 122. Kh4 Qh8+ 123. Kg5 Qg8+ 124. Kh5 Qd5+ 125. g5 a2 126.
Qa4+ Kb6 127. Qb4+ Qb5 128. Qd4+ Ka6 129. Qd8 Qe2+ 130. Kh6 Qe6+ 131. g6 Qh3+
132. Kg5 Qg2+ 0-1

[Event "Sinquefield Cup 2019"]
[Site "Saint Louis USA"]
[Date "2019.08.26"]
[Round "9"]
[White "Giri, A."]
[Black "Karjakin, Sergey"]
[Result "1/2-1/2"]
[WhiteElo "2779"]
[BlackElo "2750"]
[PlyCount "88"]
[EventDate "2019.08.17"]

1. c4 Nf6 2. Nc3 e5 3. Nf3 Nc6 4. g3 Bb4 5. Bg2 O-O 6. Nd5 Bc5 7. b4 Nxb4 8.
Nxb4 Bxb4 9. Nxe5 d5 10. cxd5 Nxd5 11. O-O Be6 12. Rb1 a5 13. a3 Bd6 14. Nf3
Nb6 15. Qc2 Re8 16. h4 h6 17. Nd4 Bc8 18. Nf5 Bf8 19. e4 Be6 20. d4 a4 21. d5
Bxf5 22. exf5 Bd6 23. Bf3 Ra7 24. Kg2 Nd7 25. Rd1 Qe7 26. Rd4 Rea8 27. Re4 Qf8
28. Qc3 Re8 29. Rxe8 Qxe8 30. Bb2 Qf8 31. Re1 Ra8 32. Bd1 Nf6 33. Qc4 b5 34.
Qxb5 Rb8 35. Qe2 Re8 36. Qd2 Rxe1 37. Qxe1 Bxa3 38. Bxf6 gxf6 39. Bxa4 Qe7 40.
Qxe7 Bxe7 41. Bb3 Bc5 42. Ba4 Be7 43. Bb3 Bc5 44. Ba4 Be7 1/2-1/2

[Event "Sinquefield Cup 2019"]
[Site "Saint Louis USA"]
[Date "2019.08.26"]
[Round "9"]
[White "Aronian, L."]
[Black "Carlsen, M."]
[Result "1/2-1/2"]
[WhiteElo "2765"]
[BlackElo "2882"]
[PlyCount "81"]
[EventDate "2019.08.17"]

1. e4 c5 2. Nf3 Nc6 3. Bb5 g6 4. c3 Nf6 5. Qe2 Bg7 6. O-O O-O 7. d4 cxd4 8.
cxd4 d6 9. h3 Nd7 10. Rd1 a6 11. Bxc6 bxc6 12. Be3 a5 13. Qc2 c5 14. Nc3 cxd4
15. Bxd4 Bb7 16. Bxg7 Kxg7 17. Nd4 Rc8 18. Qd2 Re8 19. Qe3 Qb6 20. e5 dxe5 21.
Nb3 Nc5 22. Qxe5+ Kg8 23. Qe3 Qc6 24. Nd5 Nxb3 25. axb3 Qc5 26. Rac1 Qxe3 27.
Nxe3 Rxc1 28. Rxc1 Rb8 29. Rc5 Bc8 30. Nd5 Be6 31. Nxe7+ Kf8 32. Nc6 Rxb3 33.
Nd4 Rxb2 34. Nxe6+ fxe6 35. Rxa5 h5 36. Ra6 Kf7 37. Ra5 Rb1+ 38. Kh2 Rb2 39.
Kg1 Rb1+ 40. Kh2 Rb2 41. Kg1 1/2-1/2